ห้องสมุด วิทยาลัยพยาบาลบรมราชชนนี อุดรธานี
Boromarajonani College of Nursing, Udonthani
เปลี่ยนเป็นภาษาไทย

Change to English
 แสดงรายละเอียดบรรณานุกรม
  กลับหน้าหลัก

Brief Record : Get Marc (ISO 2709) : E-mail record : QR code ปิดหน้าต่าง
หนังสืออ้างอิง : เกี่ยวกับ Collections
mysqli: Table './ulib2015/stat_globaluid' is marked as crashed and last (automatic?) repair failed
select id from stat_globaluid where statuid='20260417213721_880' 
mysqli: Table './ulib2015/stat_globaluid' is marked as crashed and last (automatic?) repair failed
DELETE FROM stat_globaluid
			WHERE id NOT IN (
			  SELECT id
			  FROM (
				SELECT id
				FROM stat_globaluid
				ORDER BY id DESC
				LIMIT 100
			  ) foo
			); 
mysqli: Table './ulib2015/stat_globaluid' is marked as crashed and last (automatic?) repair failed
insert into stat_globaluid set
		statuid='20260417213721_880',
		dt='1776436641',
		phpself='/ULIB/dublinfull.php',
		agent='Mozilla/5.0 AppleWebKit/537.36 (KHTML, like Gecko; compatible; ClaudeBot/1.0; +claudebot@anthropic.com)',
		yea='2026',
		mon='4',
		dat='17',
		ip='216.73.216.55'
		
		
LEADER 00470nam 2200169 a 4500
001    7974
003     ULIBM
008    110610s2528 th m e000 0 tha
060 04 ^aWE 880^bส344ภ
100 0  ^aสิทธิ์ เตชะกัมพุช,^d2475-
245 10 ^aภาวะอุ้งฝ่าเท้าแบน /^cสิทธิ์ เตชะกัมพุช
250    ^aพิมพ์ครั้งที่ 1.
260    ^aกรุงเทพฯ :^bสุทธิโชคการพิมพ์,^c2528.
300    ^a58 หน้า :^bภาพประกอบ
650  2 ^aFoot diseases.
930    ^aWE 880^bส344ภ
945    ^p0^l0^i2930
945    ^p0^l0^i2931
999     ^aลิขิตลักษณ์
รายการนี้ยังไม่มีแท็ก
คุณยังไม่ได้ล็อกอิน คุณสามารถมีกิจกรรมร่วมกับเว็บไซต์ได้ แต่ต้องล็อกอินก่อน ::
  ล็อกอิน
ลำดับที่ ประเภท เลขเรียก/บาร์โค้ด สถานที่ สถานะ
1. หนังสือการพยาบาล
หนังสือการพยาบาล
WE 880 ส344ภ 2528  
  Barcode: 2930
หนังสือทั่วไป On Shelf
2. หนังสือการพยาบาล
หนังสือการพยาบาล
WE 880 ส344ภ 2528 ฉ.2 
  Barcode: 2931
หนังสือทั่วไป On Shelf
   [แสดง 2/2 รายการ]

mysqli: Can't create/write to file '/var/tmp/#sql_59d_0.MAI' (Errcode: 2)
select * from index_db where titl like '%ภาวะอุ้งฝ่าเท้าแบน / สิทธิ์ เตชะกัมพุช%' and mid<>'7974'  order by rand() limit 3
mysqli: Can't create/write to file '/var/tmp/#sql_59d_0.MAI' (Errcode: 2)
select * from index_db where auth like '%สิทธิ์ เตชะกัมพุช, 2475-%' and mid<>'7974'  order by rand() limit 3
mysqli: Can't create/write to file '/var/tmp/#sql_59d_0.MAI' (Errcode: 2)
select * from index_db where subj like '%Foot diseases.%' and mid<>'7974'  order by rand() limit 3

BibComment


ยังไม่เคยถูกคอมเมนท์

คอมเมนท์ทรัพยากรรายการนี้
  คอมเมนท์: ภาวะอุ้งฝ่าเท้าแ..
Bib 7974

 
 
 

 Union Library Management : ULibM
Copyright 2026. All Rights Reserved.